| 000 | 006470000a22002410004500 | ||
|---|---|---|---|
| 003 | LK-CoMWRAF | ||
| 005 | 20230917192012.0 | ||
| 008 | 230817t1992 ||||| |||| 00| 0 eng d | ||
| 020 | _a0738207454 | ||
| 040 |
_aLK-CoMWRAF _dLK-CoMWRAF _eLK-CoMWRAF |
||
| 041 | _aeng | ||
| 082 |
_a909.097 _bMER |
||
| 100 | _aMernissi, Fatema | ||
| 245 |
_aIslam and democracy : _bFear of the modern world |
||
| 250 | _a2nd Edition | ||
| 260 |
_aCambridge : _bPerseus Publishing, _c2002 |
||
| 300 | _a197p | ||
| 650 | _a Islam -- 20th century | ||
| 650 | _aCivilization | ||
| 650 | _aArab-20th century | ||
| 700 |
_aLakeland, Mary Jo _etrans. |
||
| 942 | _cBK | ||
| 999 |
_c443 _d443 |
||